| 000 | 00823nac a22002777a 4500 | ||
|---|---|---|---|
| 001 | BR9804288 | ||
| 003 | BR-BrBNA | ||
| 005 | 20240105122126.0 | ||
| 008 | 230509b bl.|||m| |||| 00| 0 por d | ||
| 040 |
_aBR-BrBNA _bpor _cBiblioteca Nacional de Agricultura |
||
| 072 | _aN10 | ||
| 090 | _a4430 BR9804288 | ||
| 100 | 1 | _aCarvalho, C.A.L. de | |
| 100 | 1 | _aMarchini, L.C. | |
| 110 | 1 | _aEscola Superior de Agricultura Luiz de Queiroz, Piracicaba, SP (Brasil) | |
| 245 | 1 | _aInstalacao de Apiarios | |
| 260 | 3 |
_aPiracicaba, SP (Brasil): _c1998. |
|
| 300 | _a28 p. | ||
| 490 |
_aSerie Produtor Rural (Brazil) _vno. 9 _xISSN 1414-45 |
||
| 500 | _a8 ref. | ||
| 650 | _aApiario | ||
| 650 | _aInstalacao para Animal | ||
| 650 | _aSao Paulo | ||
| 909 |
_a202312 _bLúcia Elande _c55 _dLúcia Elande |
||
| 942 |
_2AGRIS _n0 _cMS |
||
| 999 |
_c289334 _d289334 |
||